Zaobchádzanie s devízovými prostriedkami.
Predpisy a pokyny ŠBČS pre zaobchádzanie s devízovými prostriedkami. Opatrenia ŠBČS, ktorými sa ustanovujú podmienky pre vykonávanie zmenárenskej činnosti právnickými a fyzickými osobami. Opatrenia ŠBČS, ktorými sa určujú podmienky pre usmerňovanie platobnej bilancie ČSFR - platobné tituly.
Saved in:
| Format: | Book Chapter |
|---|---|
| Language: | Slovak |
| Subjects: | |
| Tags: |
No Tags, Be the first to tag this record!
|
MARC
| LEADER | 00000naa a2200000 4500 | ||
|---|---|---|---|
| 001 | r012551 | ||
| 005 | 20220826093925.9 | ||
| 041 | 0 | |a slo | |
| 044 | |a SK | ||
| 245 | 1 | 0 | |a Zaobchádzanie s devízovými prostriedkami. |
| 520 | |a Predpisy a pokyny ŠBČS pre zaobchádzanie s devízovými prostriedkami. Opatrenia ŠBČS, ktorými sa ustanovujú podmienky pre vykonávanie zmenárenskej činnosti právnickými a fyzickými osobami. Opatrenia ŠBČS, ktorými sa určujú podmienky pre usmerňovanie platobnej bilancie ČSFR - platobné tituly. | ||
| 610 | 2 | 0 | |a devízy |
| 610 | 2 | 0 | |a ŠBČS |
| 610 | 2 | 0 | |a bilancia platobná |
| 610 | 2 | 0 | |a predpisy právne |